000
00283nam a22001097a 4500
008
170124b xxu||||| |||| 00| 0 eng d
020
_a
0897744640
041
_a
eng
080
_a
618.2
245
_a
CORE COLLECTION IN NURSING ANDTHE ALLIED HEALTH SCIENCES
_c
PERETZ, A
942
_2
udc
_c
BK
999
_c
3493
_d
3493